000
00335nam a2200133Ia 4500
008
100328s9999 xx 000 0 und d
082
_b
39900
100
_a
लिमये क्षमा
245
_a
शर्यत
260
_b
कौस्तुभ
630
_a
शर्यत
730
_a
शर्यत
942
_c
BOOK
999
_c
528730
_d
528727